| 000 | 00368nam a2200145Ia 4500 | ||
|---|---|---|---|
| 008 | 230917s9999||||xx |||||||||||||| ||und|| | ||
| 040 |
_e168833 _aMAIN |
||
| 041 | _aEnglish | ||
| 082 | _a547.139 M896T | ||
| 100 | _aMukherjee, P N | ||
| 245 | 0 | _aTextbook of Organic reaction mechanism | |
| 260 |
_aNew Delhi _bDominant _c2011 |
||
| 300 | _avii, 486 p. | ||
| 942 | _cBK | ||
| 999 |
_c150860 _d150860 |
||